Democracia y DD.HH /
Entre 1983 y 2013, la consolidación democrática atravesó tensiones y conflictos. La impunidad para los responsables del terrorismo de Estado en materia de justicia y el neoliberalismo como plan económico fueron las grandes herencias de la dictadura. Pero el pueblo no solo se convirtió en el garante...
Guardado en:
| Autor Principal: | |
|---|---|
| Autor Corporativo: | |
| Otros Autores: | |
| Formato: | |
| Publicado: |
Argentina,
2013
|
| Series: | Archivos de la Democracia
|
| Materias: | |
| Acceso en línea: | https://www.educ.ar/recursos/120685/democracia-y-dd-hh |
| Etiquetas: |
Agregar Etiqueta
Sin Etiquetas, Sea el primero en etiquetar este registro!
|
| LEADER | 01507ngm a22003615g 4500 | ||
|---|---|---|---|
| 001 | CEM.cems023621 | ||
| 008 | 130507s2013##################0###0#####d | ||
| 005 | 20250617175807.0 | ||
| 245 | 1 | 0 | |a Democracia y DD.HH / |c Federico Randazzo. |
| 260 | |a Argentina, |c 2013 | ||
| 300 | |a 27'. | ||
| 490 | 0 | |a Archivos de la Democracia | |
| 520 | |a Entre 1983 y 2013, la consolidación democrática atravesó tensiones y conflictos. La impunidad para los responsables del terrorismo de Estado en materia de justicia y el neoliberalismo como plan económico fueron las grandes herencias de la dictadura. Pero el pueblo no solo se convirtió en el garante del sistema de derecho, sino que fue zanjando altibajos a la vez que cargó de sentido cada momento de la vida pública en democracia. | ||
| 500 | |a Consultar en ventanilla. | ||
| 538 | |a Soporte: DVD - Color: Si - Grabación DRD. | ||
| 100 | 1 | |a Randazzo, Federico | |
| 700 | 1 | |a Carnaghi, Roberto; Locución. | |
| 710 | 2 | |a Canal Encuentro. | |
| 082 | 3 | 4 | |/ RAN |
| 653 | |a SOCIEDAD | ||
| 653 | |a DEMOCRACIA | ||
| 653 | |a INSTRUCCION CIVICA | ||
| 653 | |a POLITICA | ||
| 653 | |a DERECHO | ||
| 653 | |a DERECHO CONSTITUCIONAL | ||
| 653 | |a HISTORIA | ||
| 653 | |a HISTORIA ARGENTINA | ||
| 653 | |a DERECHOS HUMANOS | ||
| 653 | |a DICTADURA | ||
| 653 | |a JUICIO A LAS JUNTAS | ||
| 653 | |a SERIE DE TELEVISIÓN | ||
| 856 | |u https://www.educ.ar/recursos/120685/democracia-y-dd-hh | ||
| 859 | |a CEMS |b BIB. CEMS - Depto. Recursos Didacticos |h 342 |i RAN |k DRD |p 2264.15 |t Ej.1 | ||
